MARC
| LEADER | 00000cam a2200000 7i4500 | ||
|---|---|---|---|
| 001 | 0000004842 | ||
| 002 | 000005219 | ||
| 005 | 20000330.0 | ||
| 020 | |a 9836211748 | ||
| 090 | 0 | 0 | |a 297.4 |b MUS |
| 100 | 0 | |a Mustafa Haji Daud | |
| 245 | 1 | 0 | |a Institusi Kekeluargaan Islam |c Mustafa Haji Daud |
| 260 | |a Kuala Lumpur : |b DBP , |c 1992 | ||
| 300 | |a 154p. ; |c 22cm. | ||
| 650 | 0 | 0 | |a Islam |x Family |
| 999 | |a 033491 |b BUKU |c PINJAMAN |e PERPUSTAKAAN KOMUNITI PETALING JAYA | ||